Europäische Länder nach Flagge und ersten Buchstaben - Statistiken

Allgemein
  • Dieses Quiz wurde 193 mal gespielt
  • Das Durchschnittsergebnis liegt bei 23 aus 45
Antwortstatistiken
Bildquiz Antwort % Korrekt
Irland
62%
Spanien
57%
Belgien
56%
Frankreich
56%
Norwegen
56%
Serbien
56%
Deutschland
54%
Finnland
54%
Schweden
54%
Estland
53%
Schweiz
53%
Vatikanstadt
53%
Griechenland
52%
Kosovo
52%
Österreich
52%
Polen
52%
Slowenien
52%
Ukraine
52%
Albanien
51%
Belarus
51%
Island
51%
Kroatien
51%
Luxemburg
51%
Malta
51%
Russland
51%
Tschechien
51%
Bosnien und Herzegowina
49%
Niederlande
49%
Slowakei
49%
Ungarn
49%
Bulgarien
48%
Italien
48%
Moldawien
48%
Monaco
48%
Portugal
48%
Vereinigtes Königreich
48%
Dänemark
47%
Liechtenstein
47%
Litauen
47%
Nordmazedonien
47%
Rumänien
47%
Lettland
46%
Andorra
44%
Montenegro
44%
San Marino
43%
Keine übereinstimmenden Quizze gefunden
Verteilung der Resultate
Anzahl Personen mit jedem Resultat
Perzentil nach korrekt beantworteten Fragen
Ihre Resultats-Entwicklung
Sie haben dieses Quiz noch nicht gespielt